[Event "GER-ch 75th"]
[Site "Hoeckendorf"]
[Date "2004.01.30"]
[Round "1"]
[White "Bastian, Herbert"]
[Black "Bischoff, Klaus"]
[Result "1/2-1/2"]
[WhiteElo "2384"]
[BlackElo "2561"]
[EventDate "2004.01.30"]
[PlyCount "22"]

1. e4 e6 2. d4 d5 3. e5 c5 4. c3 Nc6 5. Nf3 Bd7 6. Be2 Nge7 7. O-O cxd4 8. cxd4 Nc8 9. Nc3 Be7 10. Re1 a6 11. Bd3 h6 1/2-1/2

[Event "GER-ch 75th"]
[Site "Hoeckendorf"]
[Date "2004.01.30"]
[Round "1"]
[White "Bauer, Eckart"]
[Black "Espig, Lutz"]
[Result "0-1"]
[WhiteElo "2276"]
[BlackElo "2429"]
[EventDate "2004.01.30"]
[PlyCount "56"]

1. f4 c5 2. Nf3 g6 3. d4 cxd4 4. Qxd4 Nf6 5. e4 Nc6 6. Qa4 Bg7 7. e5 Nd5 8. Qe4 Nb6 9. Bb5 O-O 10. Na3 d6 11. Bd2 Bf5 12. Qe2 Bg4 13. Bxc6 bxc6 14. O-O-O Qb8 15. Rhe1 Rd8 16. Ba5 dxe5 17. fxe5 Rxd1+ 18. Kxd1 Qd8+ 19. Qd3 Qc7 20. Qe4 Rd8+ 21. Kc1 Qd7 22. b3 Qe6 23. Nd4 Qd7 24. Nxc6 Bf5 25. Qf3 Rc8 26. Nb4 Qd4 27. Kb1 Bxe5 28. Rxe5 Qxe5 0-1

[Event "GER-ch 75th"]
[Site "Hoeckendorf"]
[Date "2004.01.30"]
[Round "1"]
[White "Braun, Arik"]
[Black "Latzke, Boris Alexander"]
[Result "1-0"]
[WhiteElo "2429"]
[BlackElo "2246"]
[EventDate "2004.01.30"]
[PlyCount "75"]

1. d4 Nf6 2. c4 e6 3. Nc3 Bb4 4. e3 O-O 5. Bd3 c5 6. Nf3 d5 7. O-O cxd4 8. exd4 dxc4 9. Bxc4 b6 10. Bg5 Bb7 11. Rc1 Nbd7 12. Re1 Rc8 13. Qb3 Be7 14. Bxf6 Nxf6 15. Bxe6 Rc7 16. Ng5 Bd6 17. Nb5 Re7 18. Nxd6 Qxd6 19. Bc4 Qf4 20. Qg3 Qd2 21. Red1 Qxb2 22. Qd3 Qb4 23. d5 Qd6 24. Nf3 Rd8 25. Nd4 g6 26. Nb5 Qb8 27. d6 Red7 28. Qb3 a6 29. Nc7 b5 30. Be6 fxe6 31. Nxe6 Rf7 32. Nxd8 Qxd8 33. Rc7 Bd5 34. Rxd5 Nxd5 35. Qxd5 Qf6 36. Qxf7+ Qxf7 37. d7 Qe7 38. Kf1 1-0

[Event "GER-ch 75th"]
[Site "Hoeckendorf"]
[Date "2004.01.30"]
[Round "1"]
[White "Breutigam, Martin"]
[Black "Riegler, Dieter"]
[Result "1-0"]
[WhiteElo "2409"]
[BlackElo "2182"]
[EventDate "2004.01.30"]
[PlyCount "63"]

1. d4 Nf6 2. Bg5 d6 3. Bxf6 gxf6 4. g3 c6 5. c4 Qb6 6. Qd2 e5 7. e3 h5 8. h4 Bg4 9. Bg2 Nd7 10. d5 c5 11. Nc3 a6 12. Qc2 Bf5 13. e4 Bg6 14. Nge2 O-O-O 15. O-O Bh6 16. a3 Rdg8 17. Rab1 Kd8 18. Bh3 Qc7 19. Qd3 Bh7 20. Qf3 Bg6 21. Rfd1 b6 22. Nc1 Ke7 23. Nd3 Rb8 24. b4 Rhc8 25. a4 Kf8 26. a5 bxa5 27. bxc5 Nxc5 28. Nxc5 Qxc5 29. Bxc8 Rxc8 30. Na4 Qxc4 31. Nb6 Bxe4 32. Qxf6 1-0

[Event "GER-ch 75th"]
[Site "Hoeckendorf"]
[Date "2004.01.30"]
[Round "1"]
[White "Heck, Norbert"]
[Black "Meister, Jakob [RUS]"]
[Result "0-1"]
[WhiteElo "2308"]
[BlackElo "2488"]
[EventDate "2004.01.30"]
[PlyCount "182"]

1. Nf3 d5 2. d4 Nf6 3. g3 c6 4. Bg2 Bf5 5. O-O e6 6. Nbd2 Nbd7 7. c4 Bd6 8. b3 h6 9. Bb2 O-O 10. Re1 Ne4 11. Nxe4 Bxe4 12. Bf1 Bb4 13. Nd2 Qa5 14. a3 Bxd2 15. b4 Bxb4 16. axb4 Qc7 17. f3 Bg6 18. c5 a6 19. e4 Rae8 20. Bd3 dxe4 21. fxe4 f5 22. e5 Rf7 23. h4 Nf8 24. Rf1 Qd8 25. Qe2 Bh7 26. Rf2 Ng6 27. Bc4 Qd7 28. Raf1 Ne7 29. Bc3 Ref8 30. h5 Nd5 31. Bd2 Qd8 32. Qf3 Rd7 33. Bxd5 Rxd5 34. Be3 Kh8 35. Qf4 Rd7 36. Rg2 Kg8 37. Rff2 Rff7 38. Rh2 Kf8 39. Rhg2 Ke8 40. Rh2 Rde7 41. Qf3 Rf8 42. Qg2 Rd7 43. Rf4 Rff7 44. Qf2 Bg8 45. Rg2 Rd5 46. g4 Bh7 47. Qg3 Rdd7 48. g5 hxg5 49. Qxg5 Rde7 50. h6 gxh6 51. Qxh6 Qd5 52. Qh5 Kd7 53. Qf3 Rg7 54. Qxd5+ cxd5 55. Rh4 Rxg2+ 56. Kxg2 Rg7+ 57. Kf3 Bg8 58. Bh6 Rg6 59. Kf4 Rg1 60. Bf8 Kc6 61. Be7 Kb5 62. Bf8 Kc4 63. c6 bxc6 64. Bc5 Rg7 65. Bf8 Rg6 66. Bc5 Rg1 67. Ke3 Rg7 68. Kf4 Bf7 69. Bf8 Rg1 70. Bc5 Bg6 71. Rh6 Rg4+ 72. Kf3 Kd3 73. Bb6 Rg1 74. Kf4 Rg4+ 75. Kf3 Bf7 76. Bc5 Rg7 77. Kf4 Rg4+ 78. Kf3 Rg1 79. Kf4 Rf1+ 80. Kg5 Bg8 81. Rh4 Ke3 82. Bf8 Rg1+ 83. Kf6 Rg4 84. Rh8 f4 85. Bg7 f3 86. Rxg8 f2 87. Bh6+ Kd3 88. Rxg4 f1=Q+ 89. Rf4 Qh3 90. Bg5 Kc4 91. Rh4 Qf5+ 0-1

[Event "GER-ch 75th"]
[Site "Hoeckendorf"]
[Date "2004.01.30"]
[Round "1"]
[White "Luther, Thomas"]
[Black "Thinius, Marco"]
[Result "1/2-1/2"]
[WhiteElo "2572"]
[BlackElo "2387"]
[EventDate "2004.01.30"]
[PlyCount "126"]

1. e4 e5 2. Nf3 Nc6 3. Bb5 a6 4. Ba4 Nf6 5. O-O Be7 6. Re1 b5 7. Bb3 d6 8. c3 O-O 9. h3 Na5 10. Bc2 c5 11. d4 Qc7 12. Nbd2 cxd4 13. cxd4 Nc6 14. d5 Nb4 15. Bb1 a5 16. a3 Na6 17. b4 axb4 18. axb4 Bd7 19. Qb3 Qb7 20. Nf1 Nh5 21. Be3 Bd8 22. Re2 Bb6 23. Rea2 Nc7 24. Bxb6 Qxb6 25. Qe3 Qxe3 26. Nxe3 Rxa2 27. Rxa2 Ra8 28. Rxa8+ Nxa8 29. Bd3 Nf4 30. Bf1 f5 31. Nd2 fxe4 32. Nxe4 Nc7 33. Nc3 Kf8 34. g3 Nh5 35. h4 Nf6 36. Bd3 g6 37. f3 Ke7 38. Kf2 Be8 39. g4 Bd7 40. Kg3 Na6 41. Nc2 Nc7 42. Ne3 Na6 43. Nc2 Nc7 44. Be4 Be8 45. Ne3 Na6 46. Nc2 Nc7 47. Kf2 Bf7 48. Bd3 Be8 49. Ne3 Na6 50. Nc2 Nc7 51. Ne3 Na6 52. g5 Nh5 53. Bxb5 Bxb5 54. Nxb5 Nxb4 55. Nc4 Nxd5 56. Nbxd6 Nhf4 57. Ne4 Nd3+ 58. Ke2 N3f4+ 59. Kf1 Nd3 60. Ke2 N3f4+ 61. Kf2 Nd3+ 62. Ke2 N3f4+ 63. Kf2 Nd3+ 1/2-1/2

[Event "GER-ch 75th"]
[Site "Hoeckendorf"]
[Date "2004.01.30"]
[Round "1"]
[White "Ott, Frank"]
[Black "Mueller, Karsten"]
[Result "0-1"]
[WhiteElo "2313"]
[BlackElo "2517"]
[EventDate "2004.01.30"]
[PlyCount "70"]

1. e4 e6 2. d4 d5 3. Nc3 Nf6 4. Bg5 Bb4 5. Nge2 dxe4 6. a3 Be7 7. Bxf6 Bxf6 8. Nxe4 Nc6 9. c3 O-O 10. g3 e5 11. d5 Na5 12. Bg2 Nc4 13. O-O Be7 14. Qd3 Nd6 15. c4 Bf5 16. Rac1 c5 17. N2c3 Rc8 18. Qe2 Qd7 19. Nxd6 Bxd6 20. Ne4 Bxe4 21. Qxe4 f5 22. Qc2 Rce8 23. Rce1 g6 24. f3 h5 25. Rf2 Qg7 26. Kh1 Re7 27. Bh3 Qh6 28. Rfe2 Ref7 29. Qd2 g5 30. Bg2 h4 31. Kg1 hxg3 32. hxg3 e4 33. fxe4 Be5 34. Bf3 Bd4+ 35. Kg2 Rh7 0-1

[Event "GER-ch 75th"]
[Site "Hoeckendorf"]
[Date "2004.01.30"]
[Round "1"]
[White "Pohl, Walter"]
[Black "Heinemann, Thies"]
[Result "0-1"]
[WhiteElo "2217"]
[BlackElo "2426"]
[EventDate "2004.01.30"]
[PlyCount "80"]

1. e4 c5 2. Nf3 d6 3. Bb5+ Nd7 4. c4 a6 5. Ba4 Ngf6 6. Nc3 e6 7. O-O Be7 8. d4 cxd4 9. Qxd4 O-O 10. Re1 Qc7 11. Bg5 Rd8 12. Rac1 b6 13. b4 Bb7 14. Bb3 Rac8 15. a3 Ne5 16. Nd2 h6 17. Bh4 g5 18. Bg3 Nh5 19. Qe3 Bf6 20. Bxe5 Bxe5 21. Qh3 Nf4 22. Qxh6 Qe7 23. Nf3 Bg7 24. Qxg5 Qxg5 25. Nxg5 Nd3 26. Ne2 Bf6 27. h4 Kg7 28. Rcd1 Nxe1 29. f3 Bxg5 30. hxg5 d5 31. exd5 exd5 32. Rxe1 dxc4 33. Bc2 Rd2 34. Bf5 Re8 35. Kf1 Ra2 36. a4 Re3 37. Bg4 Rxa4 38. Rd1 Rd3 39. Re1 Rda3 40. Kf2 Ra1 0-1

[Event "GER-ch 75th"]
[Site "Hoeckendorf"]
[Date "2004.01.30"]
[Round "1"]
[White "Scheerer, Christoph"]
[Black "Graf, Alexander"]
[Result "0-1"]
[WhiteElo "2409"]
[BlackElo "2629"]
[EventDate "2004.01.30"]
[PlyCount "110"]

1. e4 e5 2. Nc3 Nf6 3. g3 Nc6 4. Bg2 Bc5 5. Nge2 a6 6. O-O d6 7. h3 h5 8. d3 h4 9. Bg5 hxg3 10. Nxg3 Nd4 11. Nh5 Ne6 12. Bxf6 gxf6 13. Nd5 Kf8 14. Kh2 c6 15. Ne3 Ng5 16. Nf5 Bxf5 17. exf5 Qd7 18. Qg4 Ke7 19. f4 Rag8 20. Rae1 Ne4 21. Qh4 Qxf5 22. fxe5 Qxe5+ 23. Qf4 Qxh5 24. Rxe4+ Kf8 25. d4 d5 26. Re3 Rg4 27. Qxf6 Bxd4 28. Qd6+ Kg7 29. Rxf7+ Qxf7 30. Re7 Rg6 31. Rxf7+ Kxf7 32. Qd7+ Kf6 33. Qd6+ Kf5 34. Qd7+ Kf4 35. Qf7+ Rf6 36. Qg7 Rhf8 37. h4 Ke5 38. Bh3 R8f7 39. Qg3+ Rf4 40. Qg5+ Kd6 41. Qd8+ Kc5 42. Be6 Rg7 43. Qa5+ Kd6 44. Bh3 Rf2+ 45. Kh1 Be5 46. Qd8+ Kc5 47. Qa5+ b5 48. Qa3+ b4 49. Qa5+ Kc4 50. Qxa6+ Kd4 51. Qd3+ Kc5 52. Qe3+ Bd4 53. Qe1 Rxc2 54. Bg4 Rxg4 55. Qe7+ Kb5 0-1

[Event "GER-ch 75th"]
[Site "Hoeckendorf"]
[Date "2004.01.30"]
[Round "1"]
[White "Scherer, Max"]
[Black "Mainka, Romuald"]
[Result "1/2-1/2"]
[WhiteElo "2285"]
[BlackElo "2456"]
[EventDate "2004.01.30"]
[PlyCount "44"]

1. c4 Nf6 2. g3 c6 3. Bg2 d5 4. Nf3 dxc4 5. a4 Be6 6. Na3 Bd5 7. Qc2 Na6 8. Nxc4 Nb4 9. Qc3 a5 10. d3 g6 11. Be3 Bxc4 12. dxc4 Bg7 13. Rd1 Qc7 14. Bf4 Qb6 15. O-O O-O 16. Ne5 Na6 17. e4 Rfd8 18. Nd3 Nxe4 19. Qa3 Nec5 20. Nxc5 Qxc5 21. Be3 Qe5 22. Bb6 Rxd1 1/2-1/2

[Event "GER-ch 75th"]
[Site "Hoeckendorf"]
[Date "2004.01.30"]
[Round "1"]
[White "Schurade, Matthias"]
[Black "Rabiega, Robert"]
[Result "1/2-1/2"]
[WhiteElo "2370"]
[BlackElo "2527"]
[EventDate "2004.01.30"]
[PlyCount "182"]

1. e4 e5 2. Nf3 Nc6 3. Bb5 a6 4. Ba4 Nf6 5. O-O Be7 6. Re1 b5 7. Bb3 d6 8. c3 O-O 9. d4 Bg4 10. d5 Na5 11. Bc2 Qc8 12. h3 Bd7 13. Nbd2 c6 14. dxc6 Qxc6 15. Nf1 Nc4 16. Ng3 g6 17. Rb1 Rfe8 18. Bg5 Rac8 19. Bd3 Nb6 20. Rc1 Na4 21. Qd2 Be6 22. Bb1 a5 23. Nh2 Nb6 24. Qe2 d5 25. Bd3 Nc4 26. Nf3 Nd7 27. Bxe7 Rxe7 28. Ng5 Nc5 29. Nxe6 Rxe6 30. exd5 Qxd5 31. Rcd1 Nxd3 32. Rxd3 Qc6 33. Red1 Nd6 34. Rd5 Rce8 35. Ne4 Nxe4 36. Qxe4 Kg7 37. Qe2 b4 38. c4 e4 39. b3 e3 40. fxe3 Rxe3 41. Qb2+ Kg8 42. Rd8 a4 43. Qf2 R3e7 44. Qd4 Re2 45. Rxe8+ Qxe8 46. Qd8 Qxd8 47. Rxd8+ Kg7 48. Rb8 Rxa2 49. Rxb4 axb3 50. Rxb3 Rc2 51. Rb4 h5 52. Ra4 h4 53. Rb4 Kf6 54. Rb6+ Ke5 55. Rb7 f6 56. c5 Rxc5 57. Rb4 g5 58. Ra4 Rc2 59. Rb4 Rd2 60. Ra4 Rd4 61. Ra5+ Ke4 62. Ra6 f5 63. Ra3 Rd3 64. Ra4+ Ke3 65. Ra1 Rd2 66. Ra3+ Rd3 67. Ra1 Kf4 68. Kf2 Rd2+ 69. Kg1 Re2 70. Rf1+ Ke4 71. Ra1 Re3 72. Kf2 Kf4 73. Ra4+ Re4 74. Ra2 Rd4 75. Rb2 Ke5 76. Rb5+ Ke4 77. Rb2 g4 78. hxg4 fxg4 79. Re2+ Kf5 80. Ra2 Rd3 81. Rb2 Ke4 82. Ra2 g3+ 83. Ke2 Re3+ 84. Kf1 Rb3 85. Ra1 Rb2 86. Kg1 Ke3 87. Re1+ Re2 88. Rxe2+ Kxe2 89. Kh1 h3 90. Kg1 h2+ 91. Kh1 Kf1 1/2-1/2

[Event "GER-ch 75th"]
[Site "Hoeckendorf"]
[Date "2004.01.30"]
[Round "1"]
[White "Wegener, Olaf"]
[Black "Gustafsson, Jan"]
[Result "1/2-1/2"]
[WhiteElo "2404"]
[BlackElo "2572"]
[EventDate "2004.01.30"]
[PlyCount "101"]

1. e4 e5 2. Nf3 Nc6 3. Bb5 a6 4. Ba4 Nf6 5. O-O Be7 6. Re1 b5 7. Bb3 d6 8. c3 O-O 9. h3 Na5 10. Bc2 c5 11. d4 Nd7 12. Nbd2 exd4 13. cxd4 Nc6 14. d5 Nce5 15. Nh2 Ng6 16. g3 Nf6 17. h4 Ne5 18. Ndf3 Neg4 19. a4 b4 20. b3 a5 21. Bb2 Ra7 22. Bd3 Re8 23. Rc1 Bf8 24. Rc2 Rae7 25. Rce2 Nxh2 26. Nxh2 Ng4 27. Bb5 Nxh2 28. Kxh2 Bg4 29. Bxe8 Qxe8 30. Qd3 Bxe2 31. Rxe2 Qd7 32. f4 f6 33. f5 Re8 34. g4 Be7 35. Kg3 Bd8 36. Kf3 h6 37. Bc1 Be7 38. Qc4 Rc8 39. Bf4 Qd8 40. Rg2 Kf7 41. Be3 Qd7 42. Ke2 Kf8 43. Rh2 Qd8 44. Kd3 Rc7 45. Rg2 Rc8 46. e5 dxe5 47. Ke4 Qd6 48. Qb5 Kf7 49. h5 Qc7 50. Rc2 Bd6 51. Qc4 1/2-1/2

[Event "GER-ch 75th"]
[Site "Hoeckendorf"]
[Date "2004.01.31"]
[Round "2"]
[White "Bindrich, Falko"]
[Black "Pohl, Walter"]
[Result "1-0"]
[WhiteElo "2308"]
[BlackElo "2217"]
[EventDate "2004.01.30"]
[PlyCount "101"]

1. e4 c5 2. Nf3 Nc6 3. d4 cxd4 4. Nxd4 Nf6 5. Nc3 e5 6. Ndb5 d6 7. Bg5 a6 8. Na3 b5 9. Nd5 Be7 10. Bxf6 Bxf6 11. c3 Bg5 12. Nc2 O-O 13. a4 bxa4 14. Rxa4 a5 15. Bc4 Kh8 16. Nce3 Rb8 17. b3 f5 18. exf5 Bxf5 19. Nxf5 Rxf5 20. h4 Be7 21. Bd3 e4 22. Bxe4 Re5 23. g3 Nb4 24. O-O Rxe4 25. cxb4 axb4 26. Re1 Re5 27. Rxb4 Rxb4 28. Nxb4 Rxe1+ 29. Qxe1 Bf6 30. Nd5 Be5 31. Qe4 g5 32. b4 gxh4 33. Qxh4 Qa8 34. Qc4 Qa4 35. Kg2 Kg7 36. Qd3 h5 37. Qc4 Qa1 38. b5 Qb2 39. Ne3 Kf6 40. Qd3 Ke7 41. Qh7+ Ke6 42. Qg6+ Ke7 43. Qh7+ Ke6 44. Qg8+ Kf6 45. Nd5+ Kf5 46. Qh7+ Kg5 47. Qe7+ Kf5 48. b6 Ke4 49. Qf7 Bd4 50. b7 Ba7 51. Qf3+ 1-0

[Event "GER-ch 75th"]
[Site "Hoeckendorf"]
[Date "2004.01.31"]
[Round "2"]
[White "Bischoff, Klaus"]
[Black "Wegener, Olaf"]
[Result "1-0"]
[WhiteElo "2561"]
[BlackElo "2404"]
[EventDate "2004.01.30"]
[PlyCount "57"]

1. c4 Nf6 2. Nc3 e6 3. d4 Bb4 4. e3 O-O 5. Bd3 d5 6. cxd5 exd5 7. Nge2 Re8 8. Bd2 Bf8 9. Qc2 c5 10. dxc5 Bxc5 11. Nb5 Na6 12. O-O Bg4 13. Ned4 Bh5 14. Rfc1 Ne4 15. Be1 Bg6 16. Qd1 Bb6 17. a4 Qe7 18. a5 Bc5 19. Bf1 Qf6 20. f3 Ng5 21. Rxc5 Nxc5 22. Nc7 Qe7 23. Nxa8 Rxa8 24. Bf2 Nge6 25. Nxe6 fxe6 26. Rc1 Na6 27. Qd4 Qb4 28. Qe5 Qxa5 29. Qxe6+ 1-0

[Event "GER-ch 75th"]
[Site "Hoeckendorf"]
[Date "2004.01.31"]
[Round "2"]
[White "Budde, Vladimir"]
[Black "Schulz, Michael"]
[Result "0-1"]
[WhiteElo "2309"]
[BlackElo "2246"]
[EventDate "2004.01.30"]
[PlyCount "168"]

1. e4 e6 2. d4 d5 3. Nc3 Bb4 4. Nge2 dxe4 5. a3 Be7 6. Nxe4 Nd7 7. c4 Ngf6 8. N4c3 O-O 9. Bf4 c5 10. d5 e5 11. Be3 Ng4 12. Bd2 Bh4 13. Ng3 f5 14. Qc2 Ndf6 15. Nd1 f4 16. Nf5 Bxf2+ 17. Nxf2 Nxf2 18. Nh6+ gxh6 19. Kxf2 e4 20. Kg1 f3 21. gxf3 exf3 22. Bxh6 Ng4 23. Qd2 f2+ 24. Kg2 Nxh6 25. Qxh6 Rf6 26. Qe3 Qf8 27. Bd3 Bh3+ 28. Qxh3 Rh6 29. Qg3+ Kh8 30. Qe5+ Rf6 31. Rhf1 Re8 32. Qg5 Qf7 33. Kh1 Rg8 34. Qe5 Re8 35. Qg3 Rf3 36. Qh4 Rxd3 37. Rxf2 Rf3 38. Raf1 Rxf2 39. Qxf2 Qg6 40. Qf6+ Qxf6 41. Rxf6 Kg7 42. Rf2 Re4 43. b3 Re3 44. Rb2 b6 45. Kg2 Rc3 46. a4 Rd3 47. Kf1 Kf7 48. Ke2 Rh3 49. Kd1 Ke7 50. Re2+ Kd6 51. Kc2 h5 52. Rg2 Ke5 53. Rd2 Kd6 54. Re2 a5 55. Rg2 h4 56. Kb2 Rd3 57. Ka3 Rh3 58. Rg6+ Kc7 59. Rg7+ Kc8 60. d6 Rxh2 61. Rc7+ Kd8 62. Rb7 Rh1 63. Rxb6 h3 64. Rb8+ Kd7 65. Rh8 Kxd6 66. Kb2 Ke5 67. Rh4 Kf5 68. Rh8 Rh2+ 69. Kc3 Kg4 70. Rg8+ Kf3 71. Rf8+ Ke2 72. Rh8 Kd1 73. Rd8+ Kc1 74. Rh8 Rc2+ 75. Kd3 Kb2 76. Ke4 Kxb3 77. Kd5 Rxc4 78. Rxh3+ Kb4 79. Rh1 Rd4+ 80. Kc6 c4 81. Rb1+ Kxa4 82. Kc5 Rh4 83. Kd5 c3 84. Rb8 Rb4 0-1

[Event "GER-ch 75th"]
[Site "Hoeckendorf"]
[Date "2004.01.31"]
[Round "2"]
[White "Dausch, Rene"]
[Black "Roeschlau, Bernd"]
[Result "1-0"]
[WhiteElo "2331"]
[BlackElo "2295"]
[EventDate "2004.01.30"]
[PlyCount "49"]

1. d4 Nf6 2. Nf3 g6 3. Bg5 Bg7 4. Nbd2 c5 5. c3 O-O 6. Bxf6 exf6 7. dxc5 f5 8. e3 Na6 9. Bxa6 bxa6 10. O-O a5 11. Qa4 Bb7 12. Rfd1 Bc6 13. Qf4 Re8 14. Nd4 Bb7 15. c6 dxc6 16. Nc4 Re4 17. Qd6 Qc8 18. Nxa5 Bf8 19. Qg3 c5 20. Nxf5 Qxf5 21. Nxb7 Rg4 22. Nd6 Qe6 23. Qf3 Bxd6 24. Qxa8+ Kg7 25. Qd5 1-0

[Event "GER-ch 75th"]
[Site "Hoeckendorf"]
[Date "2004.01.31"]
[Round "2"]
[White "Degtiarev, Evgeny"]
[Black "Schebler, Gerhard"]
[Result "0-1"]
[WhiteElo "2281"]
[BlackElo "2480"]
[EventDate "2004.01.30"]
[PlyCount "116"]

1. d4 g6 2. c4 Bg7 3. Nc3 c5 4. d5 Bxc3+ 5. bxc3 f5 6. g4 Qa5 7. Qd3 Nf6 8. gxf5 gxf5 9. Bd2 d6 10. Bh3 Nbd7 11. Nf3 Nb6 12. Bxf5 Qa4 13. Bg5 Qxc4 14. Bxf6 exf6 15. Qxc4 Nxc4 16. Bd3 Ne5 17. Nxe5 fxe5 18. Rg1 Kf7 19. f4 exf4 20. Rf1 Bd7 21. Rxf4+ Ke7 22. Rb1 b6 23. Re4+ Kd8 24. Kd2 Kc7 25. Re7 Rae8 26. Rf7 Kd8 27. Rg1 Ref8 28. Rgg7 Rxf7 29. Rxf7 h6 30. h4 b5 31. h5 a5 32. Bg6 b4 33. Rf6 Kc7 34. Bf5 Bxf5 35. Rxf5 Re8 36. Rf7+ Kb6 37. c4 Re4 38. Rd7 Rxc4 39. Rxd6+ Kb5 40. Rd8 Rd4+ 41. Kc2 Kc4 42. Ra8 Rxd5 43. Rxa5 Rxh5 44. a3 b3+ 45. Kb2 Re5 46. Ra4+ Kb5 47. Rf4 c4 48. e4 Ka4 49. Kc3 h5 50. Rf8 Rxe4 51. Ra8+ Kb5 52. a4+ Kb6 53. Rh8 Rh4 54. Rb8+ Ka7 55. Rb5 Ka6 56. Rg5 Rh1 57. Rg6+ Ka5 58. Rg8 Rc1+ 0-1

[Event "GER-ch 75th"]
[Site "Hoeckendorf"]
[Date "2004.01.31"]
[Round "2"]
[White "Espig, Lutz"]
[Black "Tischbierek, Raj"]
[Result "1-0"]
[WhiteElo "2429"]
[BlackElo "2507"]
[EventDate "2004.01.30"]
[PlyCount "105"]

1. e4 c5 2. Nf3 Nc6 3. d4 cxd4 4. Nxd4 Nf6 5. Nc3 e5 6. Ndb5 d6 7. a4 a6 8. Na3 Be6 9. Bc4 h6 10. O-O Be7 11. Be3 O-O 12. Qe2 Rc8 13. Rfd1 Nb4 14. Bb3 Qc7 15. Nd5 Nbxd5 16. exd5 Bg4 17. f3 Bh5 18. Nc4 e4 19. a5 exf3 20. gxf3 Rfe8 21. Nb6 Bd8 22. Qf2 Rb8 23. Bf4 Nh7 24. Ba4 Bg5 25. Bxe8 Bxf4 26. Bd7 Ng5 27. Rd3 Re8 28. h4 Qxd7 29. Nxd7 Nh3+ 30. Kg2 Nxf2 31. Kxf2 Re7 32. Nb6 Be5 33. Re1 Bg3+ 34. Kxg3 Rxe1 35. Nc4 Rg1+ 36. Kf2 Rg6 37. Rb3 Rf6 38. Nd2 Rf4 39. Rxb7 Rd4 40. Ke3 Rxd5 41. b4 Bg6 42. b5 Kh7 43. bxa6 Rxa5 44. a7 Ra3+ 45. Kf2 d5 46. c4 Ra2 47. Kg3 d4 48. c5 Bf5 49. c6 Be6 50. c7 g5 51. hxg5 hxg5 52. Ne4 Kg6 53. Rb6 1-0

[Event "GER-ch 75th"]
[Site "Hoeckendorf"]
[Date "2004.01.31"]
[Round "2"]
[White "Gustafsson, Jan"]
[Black "Breutigam, Martin"]
[Result "1-0"]
[WhiteElo "2572"]
[BlackElo "2409"]
[EventDate "2004.01.30"]
[PlyCount "85"]

1. d4 d5 2. c4 e6 3. Nf3 c5 4. cxd5 exd5 5. Nc3 Nc6 6. g3 Nf6 7. Bg2 Be7 8. O-O O-O 9. Bg5 c4 10. Ne5 Be6 11. e3 Nd7 12. Nxc6 bxc6 13. Bxe7 Qxe7 14. b3 Nb6 15. bxc4 Nxc4 16. Qa4 Rac8 17. Rfe1 f5 18. Rab1 g5 19. Qd1 Kh8 20. Na4 Rce8 21. Nc5 Bc8 22. Bf1 Nd6 23. Nd3 Ba6 24. Ne5 Bxf1 25. Rxf1 c5 26. dxc5 Ne4 27. Nf3 Qxc5 28. Rc1 Qe7 29. Qxd5 Rd8 30. Qa5 g4 31. Rc7 Rd7 32. Rxd7 Qxd7 33. Nd4 Ng5 34. Rb1 Kg8 35. Qb5 Qxb5 36. Rxb5 Nf3+ 37. Nxf3 gxf3 38. h3 Rf6 39. Kh2 h5 40. g4 hxg4 41. hxg4 fxg4 42. Rg5+ Kf7 43. Rxg4 1-0

[Event "GER-ch 75th"]
[Site "Hoeckendorf"]
[Date "2004.01.31"]
[Round "2"]
[White "Latzke, Boris Alexander"]
[Black "Ott, Frank"]
[Result "0-1"]
[WhiteElo "2246"]
[BlackElo "2313"]
[EventDate "2004.01.30"]
[PlyCount "60"]

1. d4 d6 2. e4 Nf6 3. f3 e6 4. Be3 d5 5. e5 Nfd7 6. f4 c5 7. Nf3 Qb6 8. Nc3 Nc6 9. Qd2 a6 10. O-O-O Qa5 11. Kb1 c4 12. Ne2 Bb4 13. c3 Be7 14. g4 b5 15. f5 Nb6 16. f6 gxf6 17. exf6 Bxf6 18. Ne5 Nxe5 19. dxe5 Bxe5 20. Nd4 Bd7 21. Nf3 Bc7 22. Bg5 Na4 23. Bg2 Rb8 24. Bf6 Rg8 25. b4 cxb3 26. axb3 b4 27. c4 Nc3+ 28. Bxc3 bxc3 29. Qa2 Qxa2+ 30. Kxa2 dxc4 0-1

[Event "GER-ch 75th"]
[Site "Hoeckendorf"]
[Date "2004.01.31"]
[Round "2"]
[White "Meister, Jakob [RUS]"]
[Black "Kritz, Leonid"]
[Result "1-0"]
[WhiteElo "2488"]
[BlackElo "2534"]
[EventDate "2004.01.30"]
[PlyCount "121"]

1. d4 Nf6 2. c4 g6 3. Nc3 Bg7 4. e4 d6 5. Bd3 O-O 6. Nge2 c5 7. d5 Nbd7 8. Ng3 a6 9. O-O b5 10. cxb5 Nb6 11. a4 Nfd7 12. Rb1 axb5 13. axb5 Bb7 14. Bc2 Qc7 15. Bg5 Rfe8 16. Qc1 Nc4 17. Bh6 Bf6 18. Bd3 Nce5 19. Be2 c4 20. Qc2 Nc5 21. Be3 Rec8 22. Ra1 Ncd3 23. b6 Qd7 24. h3 Nb4 25. Qd2 Ned3 26. Ra7 Rxa7 27. bxa7 Qc7 28. Ra1 Ba6 29. Ra4 Qb7 30. Na2 Nxa2 31. Rxa2 Ra8 32. Qa5 Bb5 33. Bxd3 cxd3 34. Nf1 e6 35. dxe6 fxe6 36. Nd2 d5 37. Qb6 Qxb6 38. Bxb6 Bc6 39. exd5 Bxd5 40. b3 Bc3 41. Be3 Bxd2 42. Rxd2 Bxb3 43. Rxd3 Bd5 44. Rc3 Rf8 45. Bh6 Re8 46. Rc7 Ba8 47. f4 Bd5 48. Kf2 Be4 49. g4 Bh1 50. Kg3 Bd5 51. Bg7 h5 52. Be5 hxg4 53. hxg4 Be4 54. Kh4 Rd8 55. Kg5 Kf8 56. Kf6 Bf3 57. Bd6+ Kg8 58. Rg7+ Kh8 59. Be5 Be4 60. Kg5 Ra8 61. Kh6 1-0

[Event "GER-ch 75th"]
[Site "Hoeckendorf"]
[Date "2004.01.31"]
[Round "2"]
[White "Preiss, Martin"]
[Black "Muse, Mladen"]
[Result "1/2-1/2"]
[WhiteElo "2304"]
[BlackElo "2452"]
[EventDate "2004.01.30"]
[PlyCount "173"]

1. c4 e5 2. g3 Nf6 3. Bg2 c6 4. d4 Bb4+ 5. Bd2 Bxd2+ 6. Qxd2 d6 7. Nc3 O-O 8. Nf3 e4 9. Ng5 d5 10. cxd5 cxd5 11. f3 h6 12. Nh3 exf3 13. exf3 Re8+ 14. Kf2 Bxh3 15. Bxh3 Nc6 16. Rhe1 Qb6 17. Rxe8+ Rxe8 18. Rd1 Qb4 19. Bf5 Na5 20. b3 Nc6 21. Qd3 Qe7 22. Qe2 Qb4 23. Qd3 Kf8 24. Qd2 Kg8 25. Qd3 Qf8 26. Qb5 Qe7 27. Qe2 Qd8 28. Qb5 g6 29. Bh3 Qe7 30. Qe2 Qb4 31. Qd2 Kg7 32. Bf1 Qa3 33. Bb5 Re6 34. Nb1 Qe7 35. Bxc6 Rxc6 36. Rc1 Ra6 37. Re1 Qd7 38. Kg2 Qf5 39. Nc3 Rc6 40. Re2 a6 41. Na4 Nh7 42. g4 Qf6 43. Nc5 Ng5 44. f4 Ne6 45. Nxe6+ Rxe6 46. Re5 Rc6 47. h3 Qd8 48. Re2 Qc7 49. Rf2 Qe7 50. Re2 Qc7 51. Rf2 Qe7 52. Re2 Re6 53. Re5 f6 54. Rxe6 Qxe6 55. Qc2 h5 56. g5 Qe7 57. gxf6+ Kxf6 58. Kf3 Qe6 59. Kg2 Qe3 60. Qf2 Qe4+ 61. Kg3 Qf5 62. h4 a5 63. Qd2 b6 64. a4 Ke6 65. Qc3 Kd7 66. Qd2 Qe6 67. Qf2 Qg4+ 68. Kh2 Kd6 69. Qg3 Qf5 70. Qg5 Ke6 71. Kg3 Qd3+ 72. Kh2 Qc2+ 73. Kh1 Qd1+ 74. Kh2 Qe2+ 75. Kh3 Qf3+ 76. Kh2 Kf7 77. Qe5 Qf2+ 78. Kh3 Qf1+ 79. Kh2 Qf2+ 80. Kh3 Qf3+ 81. Kh2 Qxb3 82. Qc7+ Ke6 83. Qc8+ Ke7 84. Qc7+ Kf6 85. Qe5+ Kf7 86. Qc7+ Kg8 87. Qd8+ 1/2-1/2

[Event "GER-ch 75th"]
[Site "Hoeckendorf"]
[Date "2004.01.31"]
[Round "2"]
[White "Riegler, Dieter"]
[Black "Heck, Norbert"]
[Result "0-1"]
[WhiteElo "2182"]
[BlackElo "2308"]
[EventDate "2004.01.30"]
[PlyCount "70"]

1. d4 Nf6 2. c4 g6 3. Nc3 Bg7 4. e4 d6 5. Nf3 O-O 6. h3 e5 7. d5 Na6 8. Bg5 Qe8 9. g4 Nd7 10. Nd2 f5 11. gxf5 gxf5 12. Bd3 Ndc5 13. Bb1 Bd7 14. a3 Kh8 15. Qe2 f4 16. Bc2 Na4 17. Nxa4 Bxa4 18. Bxa4 Qxa4 19. b3 Qe8 20. Rg1 Nc5 21. Qf3 a5 22. Ke2 Bf6 23. Bxf6+ Rxf6 24. Rg4 c6 25. Qc3 Qh5 26. Rag1 Rh6 27. h4 Nd7 28. Nf3 Nf6 29. Rg7 Nxe4 30. Qxa5 Re8 31. Rxb7 cxd5 32. cxd5 Rg6 33. Rxg6 Qxg6 34. Qe1 Nc5 35. Ra7 Qd3# 0-1

[Event "GER-ch 75th"]
[Site "Hoeckendorf"]
[Date "2004.01.31"]
[Round "2"]
[White "Voigt, Roland"]
[Black "Scherer, Max"]
[Result "0-1"]
[WhiteElo "2381"]
[BlackElo "2285"]
[EventDate "2004.01.30"]
[PlyCount "110"]

1. c4 b6 2. b3 Bb7 3. Bb2 e6 4. e3 f5 5. Nf3 Nf6 6. Be2 Bd6 7. Qc2 Nc6 8. a3 a5 9. d3 O-O 10. h3 Ne7 11. Nbd2 Ng6 12. g4 Qe7 13. Rg1 c5 14. g5 Ne8 15. h4 e5 16. h5 Nh8 17. Qc3 e4 18. dxe4 fxe4 19. Nh4 Nf7 20. Nf5 Qe5 21. Nxd6 Qxc3 22. Bxc3 Nfxd6 23. Bg4 Bc6 24. a4 Nf5 25. Rd1 Nc7 26. Bh3 Rae8 27. h6 g6 28. Bf6 Nxh6 29. Nb1 Nf5 30. Nc3 Rf7 31. Rh1 Nh4 32. Nb5 Nf3+ 33. Kf1 Bxb5 34. axb5 Ne6 35. Rd6 Nfxg5 36. Be5 Nf8 37. Bg3 Nxh3 38. Rxh3 Re6 39. Rxe6 Nxe6 40. Rh4 Ng5 41. Bc7 Nf3 42. Rh1 Rf6 43. Ke2 h5 44. Rd1 h4 45. Rxd7 h3 46. Kf1 g5 47. Rd8+ Kf7 48. Rb8 Rh6 49. Rxb6 Rxb6 50. Bxb6 Nd2+ 51. Kg1 Nxb3 52. Bc7 a4 53. b6 Na5 54. Be5 Ke6 55. Bc3 Nb7 0-1